Higher level Biology: (Record no. 356)
[ view plain ]
| 000 -LEADER | |
|---|---|
| fixed length control field | 00707nam a22002177a 4500 |
| 005 - DATE AND TIME OF LATEST TRANSACTION | |
| control field | 20230605145227.0 |
| 008 - FIXED-LENGTH DATA ELEMENTS--GENERAL INFORMATION | |
| fixed length control field | 230605b |||||||| |||| 00| 0 eng d |
| 020 ## - INTERNATIONAL STANDARD BOOK NUMBER | |
| International Standard Book Number | 9780435994457 |
| 040 ## - CATALOGING SOURCE | |
| Original cataloging agency | KMU |
| Transcribing agency | KMU |
| 050 ## - LIBRARY OF CONGRESS CALL NUMBER | |
| Classification number | QH 308.2 Bio |
| 245 ## - TITLE STATEMENT | |
| Title | Higher level Biology: |
| Remainder of title | developed specifically for the IB Diploma / |
| Statement of responsibility, etc. | by Alan Damon, Randy McGonegal, Patricia Tosto and William Ward |
| 260 ## - PUBLICATION, DISTRIBUTION, ETC. | |
| Place of publication, distribution, etc. | England ; |
| Name of publisher, distributor, etc. | Pearson Education Limited , |
| Date of publication, distribution, etc. | 2007 . |
| 300 ## - PHYSICAL DESCRIPTION | |
| Extent | 710 pages ; |
| Other physical details | illustration (som. col.): |
| Dimensions | 25 cm . |
| 500 ## - GENERAL NOTE | |
| General note | includes an index |
| 650 ## - SUBJECT ADDED ENTRY--TOPICAL TERM | |
| Source of heading or term | Oclc |
| Topical term or geographic name entry element | Biology |
| 700 ## - ADDED ENTRY--PERSONAL NAME | |
| Personal name | Damon, Alan |
| 700 ## - ADDED ENTRY--PERSONAL NAME | |
| Personal name | Tosto, Patricia |
| 700 ## - ADDED ENTRY--PERSONAL NAME | |
| Personal name | Ward, William |
| 700 ## - ADDED ENTRY--PERSONAL NAME | |
| Personal name | McGonegal, Randy |
| 942 ## - ADDED ENTRY ELEMENTS (KOHA) | |
| Source of classification or shelving scheme | Library of Congress Classification |
| Koha item type | Non-Fiction |
| Suppress in OPAC | No |
| Withdrawn status | Lost status | Source of classification or shelving scheme | Damaged status | Not for loan | Collection | Home library | Current library | Shelving location | Date acquired | Source of acquisition | Total Checkouts | Full call number | Barcode | Date last seen | Date last checked out | Price effective from | Koha item type |
|---|---|---|---|---|---|---|---|---|---|---|---|---|---|---|---|---|---|
| Library of Congress Classification | Non-fiction | Kapasa Makasa University | Kapasa Makasa University | Open Access | 05.06.2023 | Book Aid International | 6 | QH 308.2 Bio | 748919 | 15.04.2025 | 28.02.2025 | 05.06.2023 | Non-Fiction |